000 00248nam a2200097Ia 4500
001 1204190
005 20250827022723.0
008 250824s9999 xx 000 0 und d
245 0 _aSOKAKLARIN PRENSESİ ŞİMA
_cCANAN TAN
260 _bALTIN KİTAPLAR
999 _c1204190
_d1204190